<?xml version="1.0" encoding="UTF-8"?>
<record
    xmlns:xsi="http://www.w3.org/2001/XMLSchema-instance"
    xsi:schemaLocation="http://www.loc.gov/MARC21/slim http://www.loc.gov/standards/marcxml/schema/MARC21slim.xsd"
    xmlns="http://www.loc.gov/MARC21/slim">

  <leader>02850    a2200241   4500</leader>
  <controlfield tag="001">63524</controlfield>
  <controlfield tag="005">20260407155933.0</controlfield>
  <controlfield tag="008">260407a2025    arg                 spa d</controlfield>
  <controlfield tag="003">AR-UNSa-BCEJYS</controlfield>
  <datafield tag="040" ind1=" " ind2=" ">
    <subfield code="a">AR-UNSa-BCEJYS</subfield>
    <subfield code="b">spa</subfield>
    <subfield code="c">AR-UNSa-BCEJYS</subfield>
  </datafield>
  <datafield tag="080" ind1=" " ind2=" ">
    <subfield code="a">347.4</subfield>
    <subfield code="x">Obligaciones. Contratos. Acuerdos. Convenios</subfield>
  </datafield>
  <datafield tag="245" ind1="1" ind2="0">
    <subfield code="a">Obligaciones</subfield>
  </datafield>
  <datafield tag="020" ind1=" " ind2=" ">
    <subfield code="a">978-950-20-3131-6</subfield>
  </datafield>
  <datafield tag="250" ind1=" " ind2=" ">
    <subfield code="a">2a. ed.</subfield>
  </datafield>
  <datafield tag="264" ind1=" " ind2="1">
    <subfield code="a">Buenos Aires :</subfield>
    <subfield code="b">Abeledo Perrot</subfield>
    <subfield code="c">2025</subfield>
  </datafield>
  <datafield tag="300" ind1=" " ind2=" ">
    <subfield code="a">xlvii, 1012 p.</subfield>
    <subfield code="c">24 cm.</subfield>
  </datafield>
  <datafield tag="505" ind1=" " ind2=" ">
    <subfield code="a">1. Nociones introductorias - 2. La relaci&#xF3;n de obligaci&#xF3;n - 3. Los elementos esenciales de la relaci&#xF3;n de obligaci&#xF3;n - 4. Criterios de clasificaci&#xF3;n. Principios que rigen el cumplimiento - 5. Obligaciones principales y accesorias - 6. Obligaciones civiles, obligaciones naturales y deberes morales o de conciencia relativos - 7. Obligaciones con modalidades - 8. Obligaciones de dar cosas ciertas - 9. Obligaciones de g&#xE9;nero - 10. Obligaciones relativas a bienes que no son cosas - 11. Obligaciones de dar dinero - 12. obligaciones de hacer y no hacer - 13. obligaciones alternativas - 14. Obligaciones facultativas - 15. Obligaciones de medios y de resultado - 16. Obligaciones de sujetos &#xFA;nicos y sujetos plurales. obligaciones divisibles e indivisibles - 17. Obligaciones simplemente mancomunadas y solidarias - 18. Obligaciones concurrentes. Obligaciones disyuntivas - 19. Los efectos de las obligaciones - 20. Reconocimiento de las obligaciones - 21. Cumplimiento(pago) e incumplimiento obligacional. Conceptuaci&#xF3;n y caracterizaci&#xF3;n - 22. R&#xE9;gimen general del pago o cumplimiento - 23. Cumplimiento forzado de las obligaciones a instancias del acreedor - 24. Cumplimiento de las obligaciones a instancias del deudor. El pago por consignaci&#xF3;n - 25. Incumplimiento obligacional. Teor&#xED;a general - 26. Incumplimiento obligacional imputable al deudor - 27. Incumplimiento obligacional imputable al acreedor - 28. Incumpliento obligacional no imputable a las partes - 29. La garant&#xED;a patrimonial del acreedor - 30. Medidas de tutela preventiva del cr&#xE9;dito - 31. Medidas de tutela preventiva del cr&#xE9;dito(cont.). Acciones de integraci&#xF3;n del patrimonio del deudor - 32. Privilegios. Preferencia del embargante - 33. Modificaci&#xF3;n de las obligaciones en general - 34. Transmisi&#xF3;n de las obligaciones - 35. La extinci&#xF3;n de las obligaciones. Aspectos generales - 36. Compensaci&#xF3;n - 37. Confusi&#xF3;n - 38. Novaci&#xF3;n - 39. Daci&#xF3;n en pago - 40. Renuncia a los derechos y remisi&#xF3;n de la deuda - 41. Transacci&#xF3;n - 42. Previsi&#xF3;n liberatoria o extintiva - 43. Caducidad de los derechos - 44. Las diversas fuentes - </subfield>
  </datafield>
  <datafield tag="041" ind1=" " ind2=" ">
    <subfield code="a">spa</subfield>
  </datafield>
  <datafield tag="942" ind1=" " ind2=" ">
    <subfield code="c">BK</subfield>
  </datafield>
  <datafield tag="590" ind1=" " ind2=" ">
    <subfield code="a">niveau_biblio:m niveau_hierar:0</subfield>
  </datafield>
  <datafield tag="100" ind1="1" ind2=" ">
    <subfield code="a">Ossola, Federico A.</subfield>
  </datafield>
  <datafield tag="856" ind1="4" ind2="1">
    <subfield code="u">http://www.biblioeco.unsa.edu.ar/pmb/images/libros/L129407.jpg</subfield>
    <subfield code="y">Imagen de portada</subfield>
    <subfield code="q">image/jpeg</subfield>
  </datafield>
  <datafield tag="999" ind1=" " ind2=" ">
    <subfield code="c">8209</subfield>
    <subfield code="d">8209</subfield>
  </datafield>
  <datafield tag="952" ind1=" " ind2=" ">
    <subfield code="0">0</subfield>
    <subfield code="1">0</subfield>
    <subfield code="4">0</subfield>
    <subfield code="7">0</subfield>
    <subfield code="a">BCEJYS</subfield>
    <subfield code="b">BCEJYS</subfield>
    <subfield code="c">16</subfield>
    <subfield code="d">2026-04-07</subfield>
    <subfield code="l">0</subfield>
    <subfield code="o">347.4 O84 2ed.</subfield>
    <subfield code="p">L129406</subfield>
    <subfield code="r">2026-04-07 15:59:33</subfield>
    <subfield code="w">2026-04-07</subfield>
    <subfield code="y">L</subfield>
  </datafield>
  <datafield tag="952" ind1=" " ind2=" ">
    <subfield code="0">0</subfield>
    <subfield code="1">0</subfield>
    <subfield code="4">0</subfield>
    <subfield code="7">0</subfield>
    <subfield code="a">BCEJYS</subfield>
    <subfield code="b">BCEJYS</subfield>
    <subfield code="c">16</subfield>
    <subfield code="d">2026-04-07</subfield>
    <subfield code="l">0</subfield>
    <subfield code="o">347.4 O84 2ed.</subfield>
    <subfield code="p">L129407</subfield>
    <subfield code="r">2026-04-07 15:59:33</subfield>
    <subfield code="w">2026-04-07</subfield>
    <subfield code="y">L</subfield>
  </datafield>
</record>
